Sports Quiz

Random Sports or WWE Quiz

WWE Midcard Title Matches of 2016 Quiz Stats

 Plays Quiz not verified by Sporcle

Support Sporcle.
Go Orange.
Score 0/277 Timer 10:00
0 Plays Today
Event Superstar % Correct
WrestleMania 32The Miz
98.2%
RawThe Miz
98.2%
SmackdownThe Miz
98.2%
PaybackThe Miz
98.2%
Extreme RulesThe Miz
98.2%
SmackDownThe Miz
98.2%
RawThe Miz
98.2%
BattlegroundThe Miz
98.2%
SummerslamThe Miz
98.2%
BacklashThe Miz
98.2%
SmackDownThe Miz
98.2%
No MercyThe Miz
98.2%
SmackDownThe Miz
98.2%
Survivor SeriesThe Miz
98.2%
SmackDownThe Miz
98.2%
TLCThe Miz
98.2%
SmackDownThe Miz
98.2%
SmackDownThe Miz
98.2%
SmackdownKevin Owens
97.8%
Royal RumbleKevin Owens
97.8%
RawKevin Owens
97.8%
FastlaneKevin Owens
97.8%
WrestleMania 32Kevin Owens
97.8%
Extreme RulesKevin Owens
97.8%
RawKevin Owens
97.8%
RawKevin Owens
97.8%
SmackdownCharlotte
97.4%
Royal RumbleCharlotte
97.4%
FastlaneCharlotte
97.4%
RoadblockCharlotte
97.4%
WrestleMania 32Charlotte
97.4%
RawCharlotte
97.4%
PaybackCharlotte
97.4%
Extreme RulesCharlotte
97.4%
RawCharlotte
97.4%
RawCharlotte
97.4%
SummerslamCharlotte
97.4%
Clash of ChampionsCharlotte
97.4%
RawCharlotte
97.4%
Hell In A CellCharlotte
97.4%
RawCharlotte
97.4%
RawCharlotte
97.4%
Roadblock: End of the LineCharlotte
97.4%
SmackdownBecky Lynch
97%
Royal RumbleKofi Kingston
97%
Royal RumbleBecky Lynch
97%
RawKofi Kingston
97%
RoadblockKofi Kingston
97%
WrestleMania 32Becky Lynch
97%
RawKofi Kingston
97%
Money In The BankKofi Kingston
97%
SummerslamKofi Kingston
97%
BacklashBecky Lynch
97%
Clash of ChampionsKofi Kingston
97%
RawKofi Kingston
97%
SmackDownBecky Lynch
97%
RawKofi Kingston
97%
TLCBecky Lynch
97%
RawKofi Kingston
97%
SmackDownBecky Lynch
97%
Roadblock: End of the LineKofi Kingston
97%
RawKofi Kingston
97%
SmackDownBecky Lynch
97%
RawDolph Ziggler
96.8%
FastlaneDolph Ziggler
96.8%
WrestleMania 32Dolph Ziggler
96.8%
BacklashDolph Ziggler
96.8%
SmackDownDolph Ziggler
96.8%
No MercyDolph Ziggler
96.8%
SmackDownDolph Ziggler
96.8%
SmackDownDolph Ziggler
96.8%
TLCDolph Ziggler
96.8%
Royal RumbleBig E
96.6%
RawBig E
96.6%
RoadblockBig E
96.6%
RawBig E
96.6%
WrestleMania 32Sasha Banks
96.6%
RawBig E
96.6%
Extreme RulesBig E
96.6%
Money In The BankBig E
96.6%
RawSasha Banks
96.6%
SummerslamSasha Banks
96.6%
Clash of ChampionsBig E
96.6%
Clash of ChampionsSasha Banks
96.6%
RawSasha Banks
96.6%
RawBig E
96.6%
Hell In A CellBig E
96.6%
Hell In A CellSasha Banks
96.6%
RawBig E
96.6%
RawSasha Banks
96.6%
RawBig E
96.6%
RawSasha Banks
96.6%
RawBig E
96.6%
Event Superstar % Correct
RawBig E
96.6%
Roadblock: End of the LineBig E
96.6%
Roadblock: End of the LineSasha Banks
96.6%
SmackdownDean Ambrose
96.4%
Royal RumbleDean Ambrose
96.4%
RawDean Ambrose
96.4%
SmackDownDean Ambrose
96.4%
RawRusev
96%
Extreme RulesRusev
96%
RawRusev
96%
SmackDownRusev
96%
SmackDownRusev
96%
Money In The BankRusev
96%
SmackDownRusev
96%
RawRusev
96%
BattlegroundRusev
96%
RawRusev
96%
RawRusev
96%
Clash of ChampionsRusev
96%
RawRusev
96%
Hell In A CellRusev
96%
RawXavier Woods
95.8%
Extreme RulesXavier Woods
95.8%
SummerslamXavier Woods
95.8%
Hell In A CellXavier Woods
95.8%
RawXavier Woods
95.8%
RawXavier Woods
95.8%
RawXavier Woods
95.8%
Clash of ChampionsRoman Reigns
95.6%
RawRoman Reigns
95.6%
Hell In A CellRoman Reigns
95.6%
RawRoman Reigns
95.6%
RawRoman Reigns
95.6%
RawRoman Reigns
95.6%
RawRoman Reigns
95.6%
PaybackCesaro
95.4%
Extreme RulesCesaro
95.4%
SmackDownCesaro
95.4%
SmackDownCesaro
95.4%
RawCesaro
95.4%
Hell In A CellCesaro
95.4%
RawCesaro
95.4%
RawCesaro
95.4%
Roadblock: End of the LineCesaro
95.4%
RawCesaro
95.4%
RoadblockSheamus
95%
RawSheamus
95%
Hell In A CellSheamus
95%
RawSheamus
95%
RawSheamus
95%
Roadblock: End of the LineSheamus
95%
RawSheamus
95%
Royal RumbleJimmy Uso
94%
Royal RumbleJey Uso
94%
BacklashJey Uso
94%
BacklashJimmy Uso
94%
No MercyJey Uso
94%
No MercyJimmy Uso
94%
SmackDownJimmy Uso
94%
SmackDownJey Uso
94%
BacklashAlexa Bliss
93.5%
SmackDownAlexa Bliss
93.5%
TLCRandy Orton
93.5%
TLCAlexa Bliss
93.5%
SmackDownRandy Orton
93.5%
SmackDownAlexa Bliss
93.5%
SmackDownRandy Orton
93.5%
SmackDownAlexa Bliss
93.5%
RawKalisto
93.3%
SmackdownKalisto
93.3%
Royal RumbleKalisto
93.3%
SmackdownKalisto
93.3%
Fastlane PreshowKalisto
93.3%
RawChris Jericho
93.3%
WrestleMania 32 Kick-offKalisto
93.3%
Payback PreshowKalisto
93.3%
Extreme RulesKalisto
93.3%
RawKalisto
93.3%
SmackDownKalisto
93.3%
RawChris Jericho
93.3%
Survivor SeriesKalisto
93.3%
SmackDownKalisto
93.3%
RawChris Jericho
93.3%
RawChris Jericho
93.3%
WrestleMania 32Zack Ryder
93.1%
RawZack Ryder
93.1%
SmackdownZack Ryder
93.1%
BattlegroundZack Ryder
93.1%
TLCBray Wyatt
92.5%
SmackDownBray Wyatt
92.5%
SmackDownLuke Harper
92.1%
BacklashNikki Bella
91.9%
Cruiserweight Classic FinalsTJ Perkins
91.9%
Event Superstar % Correct
Clash of ChampionsTJ Perkins
91.9%
Hell In A CellTJ Perkins
91.9%
RawTJ Perkins
91.9%
Roadblock: End of the LineTJ Perkins
91.9%
RawAlberto Del Rio
91.7%
SmackdownAlberto Del Rio
91.7%
Royal RumbleAlberto Del Rio
91.7%
Fastlane PreshowAlberto Del Rio
91.7%
RawAlberto Del Rio
91.7%
FastlaneBrie Bella
91.3%
Money In The BankLuke Gallows
91.3%
Money In The BankKarl Anderson
91.3%
SummerslamLuke Gallows
91.3%
SummerslamKarl Anderson
91.3%
BacklashHeath Slater
91.3%
SmackDownHeath Slater
91.3%
Clash of ChampionsLuke Gallows
91.3%
Clash of ChampionsKarl Anderson
91.3%
Clash of ChampionsBrian Kendrick
91.3%
RawLuke Gallows
91.3%
RawKarl Anderson
91.3%
No MercyHeath Slater
91.3%
SmackDownHeath Slater
91.3%
Hell In A CellBrian Kendrick
91.3%
RawBrian Kendrick
91.3%
Survivor SeriesBrian Kendrick
91.3%
RawLuke Gallows
91.3%
RawKarl Anderson
91.3%
205 LiveBrian Kendrick
91.3%
TLCHeath Slater
91.3%
SmackDownHeath Slater
91.3%
205 LiveBrian Kendrick
91.3%
RawLuke Gallows
91.3%
RawKarl Anderson
91.3%
RawSeth Rollins
91.3%
Roadblock: End of the LineBrian Kendrick
91.3%
SmackDownHeath Slater
91.3%
RoadblockNatalya
91.1%
WrestleMania 32Sami Zayn
91.1%
RawNatalya
91.1%
PaybackNatalya
91.1%
Extreme RulesSami Zayn
91.1%
Extreme RulesNatalya
91.1%
BacklashNatalya
91.1%
Survivor SeriesSami Zayn
91.1%
BacklashRhyno
90.7%
SmackDownRhyno
90.7%
No MercyRhyno
90.7%
SmackDownRhyno
90.7%
TLCRhyno
90.7%
SmackDownRhyno
90.7%
SmackDownRhyno
90.7%
205 LiveRich Swann
88.1%
205 LiveRich Swann
88.1%
Roadblock: End of the LineRich Swann
88.1%
SmackDownChad Gable
86.9%
Clash of ChampionsBayley
86.7%
BacklashNaomi
86.1%
SmackDownJason Jordan
86.1%
WrestleMania 32 Kick-offRyback
85.3%
Payback PreshowRyback
85.3%
WrestleMania 32Sin Cara
84.1%
BacklashCarmella
82.1%
RoadblockKing Barrett
81.9%
RawKing Barrett
81.9%
Money In The BankBig Cass
81.7%
Money In The BankEnzo Amore
81.5%
RawStardust
81%
WrestleMania 32Stardust
81%
Extreme RulesSimon Gotch
81%
Money In The BankSimon Gotch
81%
Extreme RulesAiden English
80.6%
Money In The BankAiden English
80.6%
RawAJ Styles
79.4%
Money In The BankTitus O'Neil
79.2%
RawTitus O'Neil
79.2%
SummerslamApollo Crews
77.4%
SmackDownApollo Crews
77.4%
BattlegroundDarren Young
76.8%
SmackDownKonnor
68.7%
SmackDownViktor
68.5%
RawTyler Breeze
68.3%
SmackdownNeville
63.9%
RawPaige
62.1%
Cruiserweight Classic FinalsGran Metalik
56.3%
RawKane
48.6%
RawMark Henry
42.1%
SmackDownCurt Hawkins
40.9%
SmackDownJack Swagger
39.9%
SmackDownKenny
39.9%
SmackDownMikey
39.3%

You're not logged in!

Compare scores with friends on all Sporcle quizzes.
OR
Log In
Remove Ads.
Support Sporcle.
Get the best of Sporcle when you Go Orange. This ad-free experience offers more features, more stats, and more fun while also helping to support Sporcle. Thank you for becoming a member.

Show Comments

Extras

Top Quizzes Today


Score Distribution

Your Account Isn't Verified!

In order to create a playlist on Sporcle, you need to verify the email address you used during registration. Go to your Sporcle Settings to finish the process.

Report this User

Report this user for behavior that violates our Community Guidelines.

Details: